[Event "Fredrikstad Hostturnering"]
[Site "Fredrikstad"]
[Date "2002.09.11"]
[Round "2"]
[White "Groot, Peter"]
[Black "Kolflaath, Jan"]
[Result "1-0"]
[WhiteElo "1251"]
[BlackElo "1255"]
[PlyCount "87"]
[EventDate "2002.09.??"]
[EventType "swiss"]
[EventRounds "9"]
[EventCountry "NOR"]
[SourceTitle "EXT 2005"]
[Source "ChessBase"]
[SourceDate "2004.11.15"]
[SourceVersion "1"]
[SourceVersionDate "2004.11.15"]
[SourceQuality "1"]

1. c4 c5 2. e3 Nc6 3. Ne2 Nf6 4. Nbc3 e6 5. g3 d5 6. cxd5 exd5 7. d4 Bf5 8. a3 c4 9. Bg2 Be7 10. 0-0 0-0 11. Nf4 Be4 12. Bxe4 dxe4 13. Qc2 Re8 14. Nxe4 Nxe4 15. Qxe4 Rc8 16. Qc2 b5 17. Bd2 Bg5 18. Ne2 a6 19. Bc3 Ne7 20. Rad1 Nd5 21. e4 Nxc3 22. Nxc3 Qe7 23. Rfe1 Rc6 24. d5 Rg6 25. e5 Bf4 26. Re4 Bxe5 27. Rde1 f6 28. f4 Qa7+ 29. Kg2 Qf7 30. fxe5 fxe5 31. Rxe5 Rf8 32. Re7 Qf3+ 33. Kg1 Qh5 34. Re8 Rxg3+ 35. hxg3 Rxe8 36. Rxe8+ Qxe8 37. Qe4 Kf7 38. Kf2 h6 39. d6 Qxe4 40. Nxe4 Ke6 41. Ke3 g5 42. Kd4 h5 43. Kc5 Kd7 44. Nf6+ 1-0